Dojímate ma veľmi... - fragmenty zo života a diela Dominika Tatarku propagačný plagát

Bibliographic Details
Format: Photo
Language:Slovak
PhysicalDescription:1 plagát farebný; čierny podklad, v bielom ráme čiernobiely záber divadelnej scény, v ľavej dolnej časti dve divadelné masky, názov plagátu červenám písmom, na zadnej strane podobizeň Dominika Tatarku a zábery s divadla, textové informácie 64 x 55 cm
Published: Banská Bystrica Bábkové divadlo na Rázcestí 1992
Subjects:

MARC

LEADER 00000nkm a2200000 a 4500
001 vtls011823268
003 SK-MaSNL
005 20260426010251.0
007 kf bo
008 240409s1997 xo g kuslo
035 |a urn:nbn:sk:snk-km00ech1 
035 |a urn:nbn:sk:snk-km43bq4 
035 |a 83BAFDB0-9C6B-4C54-AD10-CC2CD348EB71 
040 |a SNK  |b slo  |c SNK  |e AACR2 
041 0 |a slo 
043 |a e-xo--- 
044 |a xo  |c SK 
072 7 |a 394  |x Verejný a spoločenský život. Každodenný život  |2 konspekt 
072 7 |a 929  |x Biografie  |2 konspekt 
080 |a 394.46  |2 2011 
080 |a (084.5)  |2 2011 
080 |a 929  |2 2011 
245 0 0 |a Dojímate ma veľmi... - fragmenty zo života a diela Dominika Tatarku  |b propagačný plagát  |h grafika 
260 |a Banská Bystrica  |b Bábkové divadlo na Rázcestí  |c 1992 
300 |a 1 plagát  |b farebný; čierny podklad, v bielom ráme čiernobiely záber divadelnej scény, v ľavej dolnej časti dve divadelné masky, názov plagátu červenám písmom, na zadnej strane podobizeň Dominika Tatarku a zábery s divadla, textové informácie  |c 64 x 55 cm 
648 7 |a 1896-1996  |2 SNKPH  |9 286313 
650 0 7 |a divadlo  |2 SNKPH  |9 3335 
651 7 |a Slovensko  |2 SNKPH  |9 14231 
655 7 |a plagáty  |2 SNKPH  |9 70571 
852 |a Slovenská národná knižnica v Martine 
958 |a CP 
999 |c 1029949  |d 1031879 
952 |a SNKLM  |b SNKLM  |y PREZ  |7 0  |p 17A1262260  |o snklm L 1916  |i snklm 127/92  |8 7  |0 0  |1 0  |4 0  |d 2018-11-16  |f 1  |l 0  |r 2026-02-24 13:51:18  |w 2026-02-24